Friends!!! - Statistics

General Stats
  • This quiz has been taken 637 times
  • The average score is 14 of 15
Answer Stats
Hint Answer % Correct
How many sisters does Rachel have? 2
100%
Ross' third wife Rachel
99%
Who is the Smoker of the group? Chandler
98%
Who is brother and sister? Ross and Monica
98%
What is Monica's profession? Chef
96%
Ross' first wife Carol
94%
Ross' second wife Emily
94%
What year did Friends end? 2004
93%
What language does Paolo speak? Italian
92%
Where is the sitcom set? New York City
92%
What year was the pilot shown? 1994
91%
Who plays Phoebe Buffay? Lisa Kudrow
91%
Which character has a crush on Rachel? Gunther
79%
Pheobe's Brother Frank Jr
77%
Who plays 'underpants susie'? Julia Roberts
73%
No matching quizzes found
Score Distribution
Percent of People with Each Score
Percentile by Number Answered
Your Score History
You have not taken this quiz